[Event "HUN-ch"]
[Site "Budapest"]
[Date "2023.12.19"]
[Round "8"]
[White "Bagi, Mate"]
[Black "Krstulovic, Alex"]
[Result "1/2-1/2"]
[WhiteElo "2420"]
[BlackElo "2429"]
[PlyCount "60"]
[EventDate "2023.12.12"]
[EventType "swiss"]
[EventRounds "9"]
[EventCountry "HUN"]
[SourceTitle "CB52_2023"]
[SourceDate "2023.12.27"]
[SourceVersion "1"]
[SourceVersionDate "2023.12.27"]
[SourceQuality "1"]

1. e4 c6 2. d4 d5 3. e5 c5 4. Nf3 Nc6 5. dxc5 Bg4 6. c3 e6 7. Be3 a6 8. Nbd2 Nxe5 9. Be2 Nc6 10. 0-0 Be7 11. b4 Nf6 12. Nd4 Bxe2 13. Qxe2 Qc7 14. a4 0-0 15. f4 Rfe8 16. Rae1 Bf8 17. Qf3 g6 18. Nxc6 Qxc6 19. Bd4 Bg7 20. Qd1 Rad8 21. Re3 Ne4 22. Bxg7 Kxg7 23. a5 f6 24. Rd3 Nxd2 25. Qxd2 Re7 26. Rd1 Qe8 27. c4 Red7 28. Rd4 Qe7 29. Qd3 Kf8 30. g3 Ke8 1/2-1/2

[Event "HUN-ch Rapid"]
[Site "Ajka"]
[Date "2023.07.23"]
[Round "11"]
[White "Predke, Alexandr"]
[Black "Bagi, Mate"]
[Result "1-0"]
[WhiteElo "2651"]
[BlackElo "2446"]
[PlyCount "103"]
[EventDate "2023.07.21"]
[EventType "swiss (rapid)"]
[EventRounds "13"]
[EventCountry "HUN"]
[SourceTitle "CBM 215 Extra"]
[Source "ChessBase"]
[SourceDate "2023.09.30"]
[SourceVersion "1"]
[SourceVersionDate "2023.09.30"]
[SourceQuality "1"]

1. e4 e5 2. Nf3 Nc6 3. Bc4 Nf6 4. d3 Be7 5. 0-0 0-0 6. h3 d6 7. a3 Be6 8. Bxe6 fxe6 9. Be3 Qe8 10. Nbd2 Nh5 11. b4 a6 12. c3 Qg6 13. d4 exd4 14. cxd4 d5 15. exd5 exd5 16. Qb3 Qf7 17. Rac1 h6 18. Ne5 Nxe5 19. dxe5 c6 20. f4 Ng3 21. Rf2 h5 22. Bb6 h4 23. Re1 Rae8 24. Rf3 Qg6 25. Nf1 Nf5 26. Qd3 Qe6 27. Nd2 Bd8 28. Bxd8 Rxd8 29. Nb3 d4 30. Nc5 Qe7 31. Ne4 Rd5 32. Kh2 a5 33. Rg1 axb4 34. axb4 Qxb4 35. Nf6+ Rxf6 36. exf6 gxf6 37. Ra1 Kg7 38. Ra8 Qe7 39. Qd1 Qe4 40. Rb8 Rd7 41. Rf2 Nh6 42. Qb3 Qd5 43. Qa3 c5 44. Rc2 Qd6 45. Re8 Qxf4+ 46. Kg1 b6 47. Rf2 Qg3 48. Qa4 Qd6 49. Rfe2 Rf7 50. R2e4 Qg3 51. R8e7 Qd6 52. Qe8 1-0

[Event "HUN-chT 2223"]
[Site "Hungary"]
[Date "2022.12.18"]
[Round "3.9"]
[White "Bagi, Mate"]
[Black "Csonka, Balazs"]
[Result "1/2-1/2"]
[WhiteElo "2457"]
[BlackElo "2497"]
[PlyCount "62"]
[EventDate "2022.11.20"]
[EventType "team-tourn"]
[EventRounds "9"]
[EventCountry "HUN"]
[SourceTitle "CBM 213 Extra"]
[Source "ChessBase"]
[SourceDate "2023.05.31"]
[SourceVersion "1"]
[SourceVersionDate "2023.05.31"]
[SourceQuality "1"]
[WhiteTeam "Ajka Sentimento"]
[BlackTeam "Aquaprofit"]
[WhiteTeamCountry "HUN"]
[BlackTeamCountry "HUN"]

1. e4 e5 2. Nf3 Nf6 3. Nxe5 d6 4. Nf3 Nxe4 5. d4 d5 6. Bd3 Bf5 7. 0-0 Be7 8. Re1 0-0 9. c4 Nc6 10. cxd5 Qxd5 11. Bxe4 Bxe4 12. Nc3 Bxf3 13. Nxd5 Bxd1 14. Nxe7+ Nxe7 15. Rxe7 Rfe8 16. Rxe8+ Rxe8 17. Bd2 Bh5 18. Re1 Rxe1+ 19. Bxe1 f6 20. f3 Bf7 21. a3 Bd5 22. Kf2 Kf7 23. Ke3 Ke6 24. Ba5 b6 25. Bb4 a5 26. Be1 a4 27. Bb4 h5 28. h4 g6 29. g3 f5 30. Bf8 Kf7 31. Bb4 Ke6 1/2-1/2

[Event "HUN-chT 2223"]
[Site "Hungary"]
[Date "2022.12.04"]
[Round "2.8"]
[White "Bagi, Mate"]
[Black "Karacsonyi, Gellert"]
[Result "1-0"]
[WhiteElo "2457"]
[BlackElo "2409"]
[PlyCount "79"]
[EventDate "2022.11.20"]
[EventType "team-tourn"]
[EventRounds "9"]
[EventCountry "HUN"]
[SourceTitle "CBM 211 Extra"]
[Source "ChessBase"]
[SourceDate "2023.01.31"]
[SourceVersion "1"]
[SourceVersionDate "2023.01.31"]
[SourceQuality "1"]
[WhiteTeam "Ajka Sentimento"]
[BlackTeam "Kobanya Aquarena"]
[WhiteTeamCountry "HUN"]
[BlackTeamCountry "HUN"]

1. e4 e5 2. Nf3 Nf6 3. Nc3 Nc6 4. Bb5 Nd4 5. Bc4 Bc5 6. d3 d6 7. Na4 b5 8. Nxd4 bxc4 9. Nf5 0-0 10. Bg5 cxd3 11. Nxc5 dxc5 12. Qxd3 Qxd3 13. cxd3 Bxf5 14. exf5 Rad8 15. Ke2 Rd7 16. Bxf6 gxf6 17. Rac1 Rb8 18. b3 Rb5 19. Rc4 Rd5 20. Rhc1 h5 21. R1c3 Kg7 22. g3 Kh6 23. h4 Kg7 24. Ra4 a5 25. Rac4 Kf8 26. a4 Rb6 27. Rxc5 Rxb3 28. Rxd5 Rxc3 29. Rxa5 Rc2+ 30. Ke3 c5 31. Ra8+ Kg7 32. a5 c4 33. dxc4 Rxc4 34. a6 Rc2 35. Rb8 Ra2 36. Rb6 Ra3+ 37. Ke4 Ra2 38. Kd5 Rxf2 39. Kc6 e4 40. a7 1-0

[Event "SVK-chT 2223"]
[Site "Slovakia"]
[Date "2022.10.23"]
[Round "2.3"]
[White "Mrva, Martin"]
[Black "Bagi, Mate"]
[Result "1-0"]
[WhiteElo "2379"]
[BlackElo "2460"]
[PlyCount "85"]
[EventDate "2022.10.22"]
[EventType "team-tourn"]
[EventRounds "11"]
[EventCountry "SVK"]
[SourceTitle "EXT 2024"]
[Source "ChessBase"]
[SourceDate "2023.10.10"]
[SourceVersion "1"]
[SourceVersionDate "2023.10.10"]
[SourceQuality "1"]
[WhiteTeam "Humenne Reinter"]
[BlackTeam "Dunajska Streda"]
[WhiteTeamCountry "SVK"]
[BlackTeamCountry "SVK"]

1. e4 e5 2. Nf3 Nc6 3. Bc4 Nf6 4. d3 Be7 5. 0-0 0-0 6. Re1 d6 7. c3 Na5 8. Bb5 a6 9. Ba4 b5 10. Bc2 c5 11. d4 cxd4 12. cxd4 exd4 13. Nxd4 Bb7 14. Nc3 Rc8 15. Nf5 Re8 16. Re3 Bf8 17. Rg3 Kh8 18. Bg5 Nc4 19. Qd4 b4 20. Nd5 Bxd5 21. exd5 Re5 22. f4 Rxd5 23. Bxf6 Rxd4 24. Bxd8 Rd2 25. Bb3 Rxd8 26. Bxc4 d5 27. Bb3 Bc5+ 28. Kh1 g6 29. Ne3 Rxb2 30. Rc1 Re8 31. Nxd5 Ree2 32. f5 Bd6 33. Rh3 h5 34. fxg6 fxg6 35. g4 Rxh2+ 36. Rxh2 Rxh2+ 37. Kg1 Rd2 38. g5 Kg7 39. Rc8 Be5 40. Nf6 Bd4+ 41. Kh1 Bxf6 42. Rg8+ Kh7 43. gxf6 1-0

[Event "HUN-ch Rapid"]
[Site "Ajka"]
[Date "2022.07.15"]
[Round "2"]
[White "Bagi, Mate"]
[Black "Gombocz, Ferenc Jr"]
[Result "1-0"]
[WhiteElo "2460"]
[BlackElo "2229"]
[PlyCount "105"]
[EventDate "2022.07.15"]
[EventType "swiss (rapid)"]
[EventRounds "13"]
[EventCountry "HUN"]
[SourceTitle "CBM 209 Extra"]
[Source "ChessBase"]
[SourceDate "2022.09.30"]
[SourceVersion "1"]
[SourceVersionDate "2022.09.30"]
[SourceQuality "1"]

1. Nf3 d5 2. c4 d4 3. g3 Nc6 4. Bg2 e5 5. d3 Nf6 6. 0-0 a5 7. Na3 Bc5 8. Nc2 h6 9. e4 dxe3 10. Bxe3 Bxe3 11. fxe3 Bg4 12. h3 Bxf3 13. Rxf3 e4 14. dxe4 Qxd1+ 15. Rxd1 0-0 16. Rf5 Rfe8 17. Rb5 Ra7 18. Nd4 Nxe4 19. Bxe4 Rxe4 20. Nxc6 bxc6 21. Rb8+ Kh7 22. Rd7 Rxe3 23. Kf2 Re4 24. c5 Re5 25. Rxf7 Rxc5 26. a4 Rg5 27. h4 Rg6 28. Re7 Rf6+ 29. Ke3 c5 30. h5 Raa6 31. Rxc7 Rae6+ 32. Kd3 Rb6 33. Rxb6 Rxb6 34. Kc3 Rb4 35. b3 Rg4 36. Rxc5 Rxg3+ 37. Kc4 Rg4+ 38. Kb5 Rg5 39. b4 axb4 40. Kxb4 Rg1 41. a5 Rb1+ 42. Kc4 Ra1 43. Kb5 g5 44. hxg6+ Kxg6 45. a6 h5 46. Kb6 h4 47. a7 h3 48. Ra5 Rb1+ 49. Kc7 h2 50. a8Q h1Q 51. Qg8+ Kf6 52. Qg5+ Kf7 53. Rf5+ 1-0

[Event "SVK-chT 2122"]
[Site "Slovakia"]
[Date "2022.03.12"]
[Round "5.3"]
[White "Horvath, Jozsef"]
[Black "Bagi, Mate"]
[Result "1/2-1/2"]
[WhiteElo "2435"]
[BlackElo "2477"]
[PlyCount "35"]
[EventDate "2021.10.23"]
[EventType "team-tourn"]
[EventRounds "11"]
[EventCountry "SVK"]
[SourceTitle "EXT 2023"]
[Source "ChessBase"]
[SourceDate "2022.10.05"]
[SourceVersion "1"]
[SourceVersionDate "2022.10.05"]
[SourceQuality "1"]
[WhiteTeam "Podhajska Aquamarin"]
[BlackTeam "Dunajska Streda"]
[WhiteTeamCountry "SVK"]
[BlackTeamCountry "SVK"]

1. Nf3 Nf6 2. c4 b6 3. g3 Bb7 4. Bg2 g6 5. b3 Bg7 6. Bb2 0-0 7. 0-0 e6 8. e3 d5 9. cxd5 exd5 10. Nc3 Nbd7 11. Rc1 c6 12. d4 Re8 13. Nd2 a5 14. Re1 Nf8 15. a3 Ne6 16. b4 axb4 17. axb4 Qd6 18. Qb3 1/2-1/2

[Event "SVK-chT 2122"]
[Site "Slovakia"]
[Date "2021.10.23"]
[Round "1.2"]
[White "Bagi, Mate"]
[Black "Pulpan, Jakub"]
[Result "1/2-1/2"]
[WhiteElo "2477"]
[BlackElo "2406"]
[PlyCount "172"]
[EventDate "2021.10.23"]
[EventType "team-tourn"]
[EventRounds "11"]
[EventCountry "SVK"]
[SourceTitle "CBM 204 Extra"]
[Source "ChessBase"]
[SourceDate "2021.11.30"]
[SourceVersion "1"]
[SourceVersionDate "2021.11.30"]
[SourceQuality "1"]
[WhiteTeam "Dunajska Streda"]
[BlackTeam "Osuske"]
[WhiteTeamCountry "SVK"]
[BlackTeamCountry "SVK"]

1. e4 e5 2. Nf3 Nc6 3. Nc3 Nf6 4. Bb5 Bd6 5. a3 a6 6. Bc4 0-0 7. d3 Re8 8. g4 b5 9. Ba2 b4 10. Nd5 Nxd5 11. Bxd5 bxa3 12. bxa3 Rb8 13. Be3 Nd4 14. Nxd4 exd4 15. Bxd4 Qg5 16. Be3 Qe7 17. 0-0 Bb7 18. Bxb7 Rxb7 19. a4 Reb8 20. f4 Bc5 21. Qd2 Rb2 22. Bxc5 Qxc5+ 23. Rf2 d5 24. e5 d4 25. Qe2 Rb1+ 26. Rxb1 Rxb1+ 27. Kg2 Qd5+ 28. Qf3 c6 29. f5 Re1 30. Qxd5 cxd5 31. Rf4 Rxe5 32. Kf2 g5 33. fxg6 fxg6 34. Rxd4 Kg7 35. Kf3 h5 36. h4 hxg4+ 37. Rxg4 Kf7 38. Rb4 Re7 39. Rd4 Rc7 40. c4 dxc4 41. Rxc4 Rd7 42. Ke3 Rd5 43. Rc7+ Ke8 44. Rc4 Ke7 45. Re4+ Kf6 46. Rg4 Ra5 47. Kd2 Rc5 48. Rc4 Rh5 49. Kc3 Ke7 50. Rg4 Kf6 51. Kb4 Rd5 52. Kc4 Ra5 53. Kc3 Rh5 54. Rf4+ Ke6 55. Re4+ Kf5 56. Kb4 Kf6 57. Rd4 Ke6 58. Rg4 Kf6 59. Rc4 Ke7 60. Re4+ Kf7 61. Kc3 Kf6 62. Kd4 Ra5 63. Ke3 Kf7 64. Rc4 Kg7 65. Rf4 Kh6 66. Kd2 Rc5 67. Rc4 Ra5 68. Kc3 Kg7 69. Rf4 Kh6 70. Kb4 Rd5 71. d4 Kg7 72. Kc4 Ra5 73. Kb4 Rd5 74. Kc4 Ra5 75. Rf1 Rxa4+ 76. Kd5 Ra2 77. Ke6 Re2+ 78. Kd5 a5 79. Ra1 Rh2 80. Rxa5 Rxh4 81. Ra6 Rh1 82. Ke5 Re1+ 83. Kf4 Kf7 84. Ra7+ Ke6 85. Ra6+ Kd5 86. Rxg6 Kxd4 1/2-1/2

[Event "Pardubice Czech op-A 32nd"]
[Site "Pardubice"]
[Date "2021.07.28"]
[Round "6"]
[White "Bagi, Mate"]
[Black "Stalmach, Richard"]
[Result "1-0"]
[WhiteElo "2481"]
[BlackElo "2294"]
[PlyCount "49"]
[EventDate "2021.07.23"]
[EventType "swiss"]
[EventRounds "9"]
[EventCountry "CZE"]
[SourceTitle "CBM 203 Extra"]
[Source "ChessBase"]
[SourceDate "2021.09.30"]
[SourceVersion "1"]
[SourceVersionDate "2021.09.30"]
[SourceQuality "1"]

1. e4 c5 2. Nf3 e6 3. d4 cxd4 4. Nxd4 Nc6 5. Nc3 Qc7 6. Be3 a6 7. a3 Nf6 8. f4 d6 9. Qf3 Be7 10. 0-0-0 Nxd4 11. Bxd4 0-0 12. e5 Ne8 13. Bd3 Bd7 14. Ne4 Rc8 15. Nf6+ Bxf6 16. exf6 g6 17. h4 Bb5 18. Bc3 Bxd3 19. Qxd3 Qc4 20. Qd2 h5 21. g4 Rc5 22. f5 Rd5 23. Qe3 Rxd1+ 24. Rxd1 exf5 25. Qh6 1-0

[Event "Pardubice op rapid 32nd"]
[Site "Pardubice"]
[Date "2021.07.22"]
[Round "6"]
[White "Stocek, Jiri"]
[Black "Bagi, Mate"]
[Result "1-0"]
[WhiteElo "2604"]
[BlackElo "2481"]
[PlyCount "109"]
[EventDate "2021.07.21"]
[EventType "swiss (rapid)"]
[EventRounds "9"]
[EventCountry "CZE"]
[SourceTitle "CBM 203 Extra"]
[Source "ChessBase"]
[SourceDate "2021.09.30"]
[SourceVersion "1"]
[SourceVersionDate "2021.09.30"]
[SourceQuality "1"]

1. d4 Nf6 2. Nf3 b6 3. Bf4 Bb7 4. e3 g6 5. h3 Bg7 6. c4 0-0 7. Nc3 d5 8. Rc1 c5 9. dxc5 bxc5 10. Be2 dxc4 11. 0-0 Nbd7 12. Bxc4 Nb6 13. Be2 Nfd5 14. Nxd5 Qxd5 15. b3 Rac8 16. Qxd5 Bxd5 17. Ba6 Rc6 18. Ne5 Bxe5 19. Bxe5 Nd7 20. Bb5 Nxe5 21. Bxc6 Nxc6 22. Rxc5 e6 23. Rfc1 Nb4 24. Ra5 Ra8 25. Rc7 a6 26. a3 Nc6 27. Rxd5 exd5 28. Rxc6 Rb8 29. b4 a5 30. bxa5 Rb5 31. Ra6 Rb3 32. a4 Ra3 33. Rd6 Rxa4 34. Rxd5 h5 35. Kf1 Ra2 36. g4 hxg4 37. hxg4 Kf8 38. g5 Ke7 39. f4 Ke6 40. Re5+ Kd6 41. Ke1 Rb2 42. Kd1 Ra2 43. Kc1 Re2 44. Kb1 Rh2 45. a6 Rh8 46. Kc2 Ra8 47. Ra5 Ra7 48. Kd3 Kc6 49. Ra1 Kb6 50. Kd4 Rd7+ 51. Ke5 Ka7 52. Kf6 Rc7 53. e4 Rc4 54. Kxf7 Rxe4 55. Rf1 1-0

[Event "HUN-ch Rapid"]
[Site "Ajka"]
[Date "2021.07.18"]
[Round "13"]
[White "Bagi, Mate"]
[Black "Balint, Vilmos"]
[Result "1-0"]
[WhiteElo "2481"]
[BlackElo "2271"]
[PlyCount "37"]
[EventDate "2021.07.16"]
[EventType "swiss (rapid)"]
[EventRounds "13"]
[EventCountry "HUN"]
[SourceTitle "CBM 203 Extra"]
[Source "ChessBase"]
[SourceDate "2021.09.30"]
[SourceVersion "1"]
[SourceVersionDate "2021.09.30"]
[SourceQuality "1"]

1. e4 c5 2. Nf3 a6 3. g3 b5 4. Bg2 Bb7 5. Qe2 e6 6. 0-0 Nf6 7. e5 Nd5 8. c4 Nb6 9. d3 Be7 10. Nc3 Nc6 11. cxb5 axb5 12. Nxb5 Ba6 13. Nd6+ Bxd6 14. exd6 c4 15. Ne1 cxd3 16. Nxd3 Nb4 17. Qg4 Nxd3 18. Qxg7 Rf8 19. Bh6 1-0